000
00227 a2200109 4500
001
155656
040
_c
Escola São Tomás de Aquino
240
1
0
_a
INTERESTA
_l
por
245
1
0
_a
INTERESTA
697
_a
GENERALIDADES
942
_c
MX
999
_c
155656
_d
155656